Honrar padre y madre (Record no. 155363)

MARC details
000 -LEADER
campo de control de longitud fija 00869nam a22001695i 4500
001 - NÚMERO DE CONTROL
campo de control 155363
003 - IDENTIFICADOR DE NÚMERO DE CONTROL
campo de control ES-MaACL
005 - FECHA Y HORA DE LA ÚLTIMA TRANSACCIÓN
campo de control 20251014063221.0
008 - DATOS DE LONGITUD FIJA--INFORMACIÓN GENERAL
campo de control de longitud fija 000710s1873 sp |||| | spa d
100 1# - ENTRADA PRINCIPAL--NOMBRE DE PERSONA
Nombre de persona Herranz y Gonzalo, Juan José,
Títulos y otros términos asociados al nombre Conde de Reparaz
9 (RLIN) 127924
245 10 - MENCIÓN DEL TÍTULO
Título Honrar padre y madre
Resto del título : comedia en tres actos y en verso /
Mención de responsabilidad, etc. original de Juan José Herranz.
260 ## - PUBLICACIÓN, DISTRIBUCIÓN, ETC.
Lugar de publicación, distribución, etc. Madrid :
Nombre del editor, distribuidor, etc. [s.n.],
Fecha de publicación, distribución, etc. 1873 (
Fabricante Imp. del Indicador de los Caminos de Hierro)
300 ## - DESCRIPCIÓN FÍSICA
Extensión 69 p. ;
Dimensiones 19 cm.
500 ## - NOTA GENERAL
Nota general En port.: Estrenada con extraordinario aplauso en el Teatro Español el día 9 de enero de 1875.
852 ## - LOCALIZACIÓN
Ubicación ES-MaACL
Número de control de estantería F-8624(5)
Nota libre - Enc. pasta española, falto de cub. original
-- - Ex-libris ms. de Gustavo Sáenz Díez, 1877
-- - Enc. en un vol. facticio formando parte de la col. facticia "Teatro español moderno", v. 79
Holdings
Estatus retirado Estado de pérdida Estado de daño No para préstamo Colección Biblioteca de origen Biblioteca actual Ubicación en estantería Fecha de adquisición Total de préstamos Signatura topográfica completa Código de barras Visto por última vez Precio de reemplazo Tipo de ítem Koha
        Libros del s. XIX Biblioteca del Ateneo de Madrid Biblioteca del Ateneo de Madrid Sala Pecera Planta 2 17/01/2008   F-8624(5) 1162515 23/02/2023 23/02/2023 Libro impreso antiguo